LEADER 00577nab a2200145 i 4500 001 000000265135 003 CaOOAMICUS 005 20061012000000.0 008 061012n xx uu u0 0und r 013 $a8121 040 $aSeMil$bita 245 10$aEdAv Fascicolo N. 8, Giugno 1973. - P. [125]-139, [4] p. di tav. - Copia omaggio agli abbonati. 500 $aAprile 2004 [allegato]. 773 0 $t[2003-2005.$dRoma : CiSCS, copyr. 2003-2005.$w()137936 996 $6245$aEdAv Fascicolo N. 8, Giugno 1973. - P. [125]-139, [4] p. di tav. - Copia omaggio agli abbonati.$9(OLS)http://semarc/title/357300 LEADER 00574nab a2200145 i 4500 001 000000315320 003 CaOOAMICUS 005 20180831173148.0 008 180831n xx uu u0 0und r 013 $a24407 040 $aSeMil$bita 100 1 $aMoioli, Giovanni,$d<1931-1984>.$0(OLS)http://semarc/name/511 245 10$aRivelazione e Cristologia. Lettura del libro: « Gesł Cristo rivelazione di Dio». 773 0 $t[Gennaio-Dicembre].$g178-184$w()274275 996 $6245$aRivelazione e Cristologia. Lettura del libro: « Gesł Cristo rivelazione di Dio»$9(OLS)http://semarc/title/389375